| 000 | 00628nam a22001817a 4500 | ||
|---|---|---|---|
| 008 | 131109b xxu||||| |||| 00| 0 eng d | ||
| 020 | _a8-1711-1099-4 | ||
| 082 |
_221 ed. _a347.077 _bNEL |
||
| 100 | _aRevised under the guidance Justice SHRI A.B. Srivastava | ||
| 245 |
_aNelson’s law of injunctions / _cRevised under the guidance Justice SHRI A.B. Srivastava |
||
| 250 |
_a7 ed. _bIn 2 Vols. |
||
| 260 |
_aIndia : _bLaw publishers(India) pvt.ltd. _c2013 |
||
| 300 |
_aclxxx, 1786 P. ; _c25 cm. |
||
| 500 | _aIncludes Index | ||
| 650 | _aLaw of injunctions | ||
| 650 | _aNelson’s law of injunctions | ||
| 942 |
_2ddc _cBK |
||
| 999 |
_c5834 _d5834 |
||